Top US Baby Boy Names 2018 - Statistics

General Stats
  • This quiz has been taken 92 times
  • The average score is 60 of 100
Answer Stats
Rank First Letter Answer % Correct
1 L Liam
94%
3 W William
94%
2 N Noah
93%
28 J Jack
92%
4 J James
92%
22 D David
89%
27 J John
89%
14 M Michael
87%
6 B Benjamin
86%
5 O Oliver
86%
15 D Daniel
85%
16 H Henry
85%
21 S Samuel
85%
89 J Jose
83%
20 M Matthew
83%
48 N Nathan
83%
43 A Andrew
82%
12 E Ethan
82%
9 M Mason
82%
38 A Anthony
80%
58 E Eli
80%
8 L Lucas
80%
49 T Thomas
80%
13 J Jacob
79%
11 A Alexander
77%
52 C Charles
77%
17 J Jackson
77%
29 L Luke
77%
46 R Ryan
77%
41 J Joshua
76%
60 A Aaron
75%
78 A Adam
75%
42 C Christopher
75%
7 E Elijah
75%
23 J Joseph
75%
34 I Isaac
73%
82 J Jordan
72%
10 L Logan
72%
71 R Robert
72%
100 J Jason
70%
50 L Leo
70%
25 O Owen
70%
19 A Aiden
69%
88 X Xavier
68%
79 I Ian
65%
63 J Jonathan
65%
24 C Carter
63%
35 G Gabriel
63%
36 J Julian
63%
30 J Jayden
62%
74 N Nicholas
62%
18 S Sebastian
62%
31 D Dylan
61%
61 L Landon
61%
55 C Christian
59%
57 C Connor
58%
86 E Evan
58%
33 L Levi
58%
26 W Wyatt
58%
80 A Austin
55%
45 C Caleb
55%
44 T Theodore
55%
69 C Cameron
52%
32 G Grayson
52%
77 G Greyson
52%
65 J Jeremiah
52%
83 C Cooper
49%
92 L Leonardo
49%
62 A Adrian
48%
67 E Elias
48%
56 H Hunter
48%
96 P Parker
48%
70 C Carson
46%
40 L Lincoln
46%
51 I Isaiah
45%
98 M Miles
45%
64 N Nolan
45%
47 A Asher
41%
94 A Axel
39%
59 E Ezra
39%
54 H Hudson
39%
91 J Jameson
39%
53 J Josiah
39%
37 M Mateo
39%
68 C Colton
38%
84 B Brayden
37%
75 D Dominic
34%
97 K Kayden
32%
66 E Easton
31%
90 J Jace
31%
99 S Sawyer
31%
39 J Jaxon
28%
85 R Roman
27%
72 A Angel
25%
95 E Everett
24%
73 M Maverick
23%
93 B Bryson
21%
81 S Santiago
21%
76 J Jaxson
15%
87 E Ezekial
7%
No matching quizzes found
Score Distribution
Percent of People with Each Score
Percentile by Number Answered
Your Score History
You have not taken this quiz